00542nam a2200181 a 45000010010000000030011000100080041000210350026000620820016000881000019001042450046001232600024001696500031001939420012002249520089002369980020003259990015003450000-8738ELIB.Books110520 1978  a(ELIB.Books)0000-8884 a201.1 bLak aLak, Yeow Choo aTheology and Ministry in South East Asia. bLondon: SPCK c1978 aPhilosophy of Christianity 2ddccBK 00102ddc4070aKBTSbKBTSd2011-05-20l0p712r2022-01-22 00:00:00w2022-01-22yBK cbate2011-05-20 c8738d8738